| 000 | 01408nam a2200277Ia 4500 | ||
|---|---|---|---|
| 001 | 23702 | ||
| 003 | GE_BSU | ||
| 008 | 181216s||||||||xx |||||||||||||| ||und|| | ||
| 020 | _a5-520-00558-3 | ||
| 040 | _cGE_BSU | ||
| 080 | _a930(479.22) + 94(479.22) | ||
| 100 | _aჯავახიშვილი, ი. (ივანე, 1876-1940) | ||
| 245 | _aთხზულებანი : 12 ტომად. ტ. 11 | ||
| 245 | _cმთ. რედ. მ. ლორთქიფანიძე. ტომის რედ.: გ. მელიქიშვილი და სხვ. | ||
| 250 | _aსაქ. სსრ მეცნ. აკადემია. თბილისის სახ. უნ-ტი | ||
| 260 | _aთბილისი | ||
| 260 | _bმეცნიერება | ||
| 260 | _c1998 | ||
| 300 | _a704 გვ. 26 სმ. | ||
| 300 | _eსაძიებ. გვ. 679-696 | ||
| 541 | _h12 ლ. | ||
| 653 | _aთხზულებანი : 12 ტომად. ტ. 11 | ||
| 653 | _aსომხეთის ისტორიოგრაფია; ქართული მუსიკის ისტორია | ||
| 653 | _aქართული ისტორიოგრაფია; საქართველოს ისტორია; კავკასიის ისტორია; ქართველების ეთნოგრაფია | ||
| 942 | _cBK | ||
| 999 |
_c56588 _d56588 |
||